Los verbos reduplicados de doble consonante en la lengua copta. : Un estudio morfológico, dialectal, lexicográfico y etimológico /

محفوظ في:

المؤلف الرئيسي: Álvarez, Alberto-Jesús Quevedo.

مؤلف مشترك: Universitat Autònoma de Barcelona.

التنسيق: كتاب

اللغة: Spanish

منشور في: Barcelona : Institut d'Estudis del Proxim Orient Antic, Universitat Autònoma de Barcelona, 2010.

الموضوعات:

الوسوم: إضافة وسم

لا توجد وسوم, كن أول من يضع وسما على هذه التسجيلة!

رقم الطلب: PJ2195 .A59 2010

LEADER 01157nam a22002537a 4500
005 20260202085607.0
008 020226t2010 sp a b 001 0 spa d
040 |c ARCE Library 
050 1 4 |a PJ2195  |b .A59 2010 
100 1 |a Álvarez, Alberto-Jesús Quevedo. 
245 1 4 |a Los verbos reduplicados de doble consonante en la lengua copta. :   |b Un estudio morfológico, dialectal, lexicográfico y etimológico /   |c Alberto-Jesús Quevedo Álvarez. 
260 |a Barcelona :   |b Institut d'Estudis del Proxim Orient Antic, Universitat Autònoma de Barcelona,   |c 2010. 
300 |a ii, 516 p. :   |b ill. ;   |c 30 cm. 
500 |a Head of title: Tesis doctoral. 
500 |a Revised version on the author's doctoral dissertation, Universitat Autònoma de Barcelona, 2008. 
504 |a Incl. bibliographical references and index. 
650 0 |a Coptic inscriptions   |v Catalogs. 
650 0 |a Coptic literature   |v Translations. 
650 0 |a Studies of argumentation in pragmatics and discourse analysis. 
650 0 |a Pragmatics & cognition. 
650 0 |a Inscriptions, Coptic. 
710 2 |a Universitat Autònoma de Barcelona. 
942 |2 lcc  |c THESES 
999 |c 48620  |d 48620